Responses for show #7453 - Wednesday, January 25, 2017

Contestants

Hugh Dinteman, an architect from Atlanta, Georgia

Stephanie Cornelison, a graduate student in library science from Asheboro, North Carolina

Loren Lee Chen, a basketball podcaster from West Newton, Massachusetts (whose 1-day cash winnings total $19,899)

Jeopardy! Round responses

U.S. ISLANDS
THE YELLOW HORNET
SPORTS ABBREV.
BUSINESSES
SAILOR TALK
THREE SHEETS TO THE WIND
    $200 3
Queens

Hugh
    $200 22
(Loren: What are bees?)

wasps

LorenHugh
    $200 7
a point after touchdown

Stephanie
    $200 1
Campbell's Soup

Hugh
    $200 4
ballast

Hugh
    $200 2
pickled

Loren
    $400 6
the Columbia

Stephanie
    $400 23
sunlight

Stephanie
    $400 8
giant slalom

Loren
    $400 9
Mattel

Triple Stumper
    $400 16
the boom

Loren
    $400 5
hammered

Loren
    $600 11
Nantucket

Loren
    $600 24
yellow jackets

Loren
    $600 13
(Loren: What is World Boxing Championship?)
(Stephanie: What is World Boxing Club?)

World Boxing Council

LorenStephanie
Triple Stumper
    $600 15
(Loren: What is Arm and Hammer?)

U.S. Steel

Loren
Triple Stumper
    $600 19
decommission

Triple Stumper
    $600 10
drunk as a skunk

Triple Stumper
    $800 26
(Alex: Less than a minute now.)

Kodiak

Loren
    $800 12
did not finish

Loren
    $3,000 25
Maybelline

Loren
    $800 20
(Hugh: What is heading?)

tack

Hugh
Triple Stumper
    $800 17
plastered

Hugh
    $1000 28
[The end-of-round signal sounds.]

Catalina

Hugh
    $1000 14
field goal made

Loren
    $1000 27
(Hugh: Who is Levi?)

Lee

Hugh
Triple Stumper
    $1000 21
capstan

Triple Stumper
    $1000 18
ripped

Stephanie

Scores at the first commercial break (after clue 15):

Loren Stephanie Hugh
$2,200 $0 $600

Scores at the end of the Jeopardy! Round:

Loren Stephanie Hugh
$6,800 $1,400 $800

Double Jeopardy! Round responses

THE WORKS OF ROBERT LOUIS STEVENSON
MOVIE MUSICAL ROLES
THE WORLD AT WAR
FAR OUT!
WE HAVE "U" SURROUNDED!
OVER HILL, OVER DALE
    $400 22
Treasure Island

Loren
    $400 2
Footloose

Loren
    $400 5
Greece

Hugh
    $400 1
Halley's comet

Loren
    $400 3
Triumph

Stephanie
    $400 12
Dale Earnhardt

Stephanie
    $800 25
Dr. Jekyll and Mr. Hyde

Loren
    $800 4
Into the Woods

Loren
    $800 6
Moscow

Loren
    $800 10
eclipse

Loren
    $800 7
agriculture

Triple Stumper
    $800 13
Anita Hill

Loren
    $1200 26
Tahiti

Triple Stumper
    $1200 16
Evita

Hugh
    $1,000 9
(Loren: Who is MacArthur?)

Patton

Loren
    $1200 14
Lyra

Triple Stumper
    $1200 8
involuntary

Loren
    $1200 15
(Dale) Carnegie

Loren
    $1600 18
(Hugh: What is The Man from La Mancha?)

Man of La Mancha

Hugh
Triple Stumper
    $1600 20
(Hugh: What is "I will return"?)
(Stephanie: What is "I'll be back"?)
[Laughter]

"I shall return"

StephanieHugh
Triple Stumper
    $1600 24
Mount Wilson

Triple Stumper
    $1600 11
(Alex: Is to [*] for them.)

vouch

Triple Stumper
    $1600 17
Brown v. Board of Education

Stephanie
    $2000 19
Irene Cara

Triple Stumper
    $2000 21
Admiral Yamamoto

Triple Stumper
    $2000 27
[The end-of-round signal sounds.]

Ganymede

Loren
    $2000 23
(Alex: He was the [*] agent who jumped on the car following President Kennedy's assassination. Loren, go again.)
(Loren: FAR OUT!, 16.)
(Alex: Less than a minute now.)

Secret Service

Triple Stumper

Scores at the end of the Double Jeopardy! Round:

Loren Stephanie Hugh
$15,400 $2,200 -$800
(lock game)

[wagering suggestions for these scores]

Final Jeopardy! Round responses

RELIGIOUS GROUPS
StephanieWho are the Coptics?
$0
LorenWho are the Coptic?
$739
the Copts (or Coptics)

Final scores:

Loren Stephanie Hugh
$16,139 $2,200 -$800
2-day champion: $36,038 2nd place: $2,000 3rd place: $1,000

Game dynamics:

Coryat scores:

Loren Stephanie Hugh
$14,200 $2,200 -$800
21 R
(including 1 DD),
4 W
(including 1 DD)
7 R,
2 W
8 R,
4 W

Combined Coryat: $15,600

The J! Archive is created by fans, for fans. The Jeopardy! game show and all elements thereof, including but not limited to copyright and trademark thereto, are the property of Jeopardy Productions, Inc. and are protected under law. This website is not affiliated with, sponsored by, or operated by Jeopardy Productions, Inc. Join the discussion at JBoard.tv.